000 01484pam a2200421 i 4500
999 _c270
_d270
001 019397777
003 UkOxU
005 20190805091101.0
008 120322s2012 enkab j 001 0 eng|d
015 _aGBB231537
_2bnb
020 _a9781409551225 (paperback) :
020 _a1409551229 (paperback) :
035 _a(Uk)016057931
040 _aStDuBDS
_beng
_erda
_cStDuBDS
_dUk
041 0 _aeng
_aspa
042 _aukblsr
082 0 4 _a468.242 DEN
_223
100 1 _aDenne, Ben,
_eauthor.
245 1 0 _aEasy Spanish /
_cBen Denne and Nicole Irving ; designed by Katarina Dragoslavić ; illustrated by Ann Johns ; edited by Jane Chisholm ; language consultant: Ester Martí Marqués.
250 _a[New edition].
264 1 _aLondon EC1N 8RT, England :
_bUsborne Publishing Ltd,
_c2012.
300 _a128 pages :
_billustrations (colour), 1 map (colour) ;
_c21 cm
336 _atext
_2rdacontent
337 _aunmediated
_2rdamedia
338 _avolume
_2rdacarrier
490 _aUsborne
500 _aIncludes index.
500 _aPublisher's no.: JFM MJJASOND/12.
500 _a"With Internet links"--Cover.
500 _aFormerly CIP.
_5Uk
650 0 _aSpanish language
_vTextbooks for foreign speakers
_xEnglish.
650 0 _aSpanish language
_xGrammar
_vJuvenile literature.
700 1 _aIrving, Nicole,
_eauthor.
700 1 _aJohns, Ann,
_eillustrator.
700 1 _aChisholm, Jane
_eeditor.
942 _2ddc
_cNFIC